Statistics for Click the System of Government by Country

Click here to take the quiz!

General Stats

  • This quiz has been taken 29 times
  • The average score is 12 of 20

Answer Stats

HintAnswer% Correct
ChinaOne-party state
92%
United StatesPresidential Republic
88%
CubaOne-party state
85%
VietnamOne-party state
81%
BrazilPresidential Republic
77%
Saudi ArabiaAbsolute monarchy
73%
United KingdomConstitutional Monarchy
73%
Vatican CityAbsolute monarchy
69%
TurkeyPresidential Republic
69%
GermanyParliamentary republic
65%
MexicoPresidential Republic
65%
CanadaConstitutional Monarchy
62%
JapanConstitutional Monarchy
58%
ItalyParliamentary republic
58%
AustraliaConstitutional Monarchy
54%
IndiaParliamentary republic
38%
GreeceParliamentary republic
38%
RussiaSemi-presidential republic
35%
FranceSemi-presidential republic
27%
EgyptSemi-presidential republic
23%

Score Distribution

Percentile by Number Answered

Percent of People with Each Score

Your Score History

You have not taken this quiz